| 000 | 004310000a22001690004500 | ||
|---|---|---|---|
| 041 | 0 | _aSPA | |
| 082 | 0 | 4 | _aG 269.25 U762s |
| 100 | 1 | _aUribe, Alfonso | |
| 245 | 1 | 0 | _aSanación interior / Alfonso Uribe Jaramillo |
| 260 | _aBuenos Aires, Argentina : Paulinas | ||
| 300 | _a87 Pag | ||
| 001 | 9616 | ||
| 942 | _cBK | ||
| 999 |
_c39537 _d39537 |
||
| 336 |
_atexto _btxt _2rdacontent |
||
| 337 |
_2rdamedia _asin mediación _bn |
||
| 338 |
_2rdacarrier _avolumen _bnc |
||